000 00881cam a2200277 4500
001 000018196
005 20200929165410.0
008 731001s1966 stk b 000 0beng
015 _aB66-23537
035 _a(DLC) 67076997
040 _aDO-SdBNP
_cDLC
_dDLC
_dBNPHU
050 0 0 _aPR6025.U6
_bZ58 1966
082 _axxxxx
_bB988e
100 1 _aButter, Peter H.
_939405
245 1 0 _aEdwin Muir :
_bman and poet /
_cP. H. Butter.
260 _aEdinburgo,
_aLondres, :
_bOliver & Boyd,
_c1966.
300 _aviii, 314 p. ;
_c22.5 cm.
490 0 _aBiography and criticism,
_v7
504 _aIncluye bibliografía p. 301-308.
600 1 0 _aMuir, Edwin,
_d1887-1959.
_939406
650 0 _aPoets, scottish
_y20th century
_xBiography.
_939407
830 0 _aBiography and criticism,
_n7
_939408
910 _aCatalogación por copia / LC
082 0 0 _a828/.9/1209
_aB
049 _aBNGR
999 _c17717
_d17717